Proceeding of the fifth Asian congress of nutrition

সংরক্ষণ করুন:
গ্রন্থ-পঞ্জীর বিবরন
বিন্যাস: গ্রন্থ
ভাষা:Undetermined
প্রকাশিত: Tokyo Center for Academic Publication 1988
বিষয়গুলি:
ট্যাগগুলো: ট্যাগ যুক্ত করুন
কোনো ট্যাগ নেই, প্রথমজন হিসাবে ট্যাগ করুন!
Thư viện lưu trữ: Trung tâm Học liệu Trường Đại học Cần Thơ
LEADER 00486nam a2200169Ia 4500
001 CTU_126314
008 210402s9999 xx 000 0 und d
082 |a 613.62 
082 |b P963 
245 0 |a Proceeding of the fifth Asian congress of nutrition 
245 0 |c Kyoden Yashumoto ... [et all.] 
260 |a Tokyo 
260 |b Center for Academic Publication 
260 |c 1988 
650 |a Nutrition 
904 |i Nguyên 
980 |a Trung tâm Học liệu Trường Đại học Cần Thơ